Administración del desarrollo de la frontera norte/ compilador Mario Ojeda. (Record no. 139000)
[ view plain ]
| 000 -CABECERA | |
|---|---|
| campo de control de longitud fija | 00561nam a2200181 a 4500 |
| 005 - FECHA Y HORA DE LA ÚLTIMA TRANSACCIÓN | |
| campo de control | 20210219160510.0 |
| 008 - ELEMENTOS DE LONGITUD FIJA--INFORMACIÓN GENERAL | |
| campo de control de longitud fija | 081109s2000 mx r 000 0 spa d |
| 020 ## - NÚMERO INTERNACIONAL NORMALIZADO PARA LIBROS | |
| Número Internacional Estándar del Libro | 9681201914 |
| 035 ## - NÚMERO DE CONTROL DEL SISTEMA | |
| Número de control de sistema | UPN01000166889 |
| 049 ## - COLECCIÓN | |
| Colección | UNE |
| 080 ## - NÚMERO DE CLASIFICACIÓN DECIMAL UNIVERSAL | |
| Número de la Clasificación Decimal Universal | 338 (721/722 ADM. |
| 245 00 - MENCIÓN DE TÍTULO | |
| Título | Administración del desarrollo de la frontera norte/ compilador Mario Ojeda. |
| 260 ## - PUBLICACIÓN, DISTRIBUCIÓN, ETC. | |
| Lugar de publicación, distribución, etc. | México : El Colegio de México, 1982. |
| 300 ## - DESCRIPCIÓN FÍSICA | |
| Extensión | 190 p.; 21 cm. fot. |
| 440 #0 - MENCIÓN DE SERIE/ASIENTO SECUNDARIO--TÍTULO | |
| Título | Colección frontera norte |
| 690 ## - PUNTO DE ACCESO ADICIONAL DE MATERIA LOCAL--TÉRMINO DE MATERIA (OCLC, RLIN) | |
| Término de materia o nombre geográfico como elemento inicial | Fronteras- Mexico- Estados Unidos de America |
| 905 ## - TIPO DE MATERIAL | |
| Tipo de material | UNESCO |
No items available.
